000 00499nam a2200169Ia 4500
003 GCL
008 140319s9999 xx 000 0 ara d
040 _aGCL /
_cGCL
082 0 4 _a810.9
_bع ط
100 1 _aعلى شلش
245 1 0 _aطه حسين: مطلوب حيا او ميتا /
_cعلى شلش
300 _a120 ص
490 _aالهيئة العامة للاستعلامات
_v0
650 0 4 _aطه حسين
650 0 4 _aالادب العربى - تاريخ ونقد
942 _2ddc
_cBK
999 _c47662
_d47662